Central Library OPAC University of Rajshahi

The atmospheres of the earth and planets. / (Record no. 10673)

MARC details
000 -LEADER
fixed length control field 00964cam a22002891 4500
001 - CONTROL NUMBER
control field 10673
003 - CONTROL NUMBER IDENTIFIER
rucl marc code BD-RjUL
005 - DATE AND TIME OF LATEST TRANSACTION
control field 20211208235009.0
008 - FIXED-LENGTH DATA ELEMENTS--GENERAL INFORMATION
fixed length control field 140125s1952 ilua b 001 0 eng
035 ## - SYSTEM CONTROL NUMBER
System control number (BD-RjUL)10721
040 ## - CATALOGING SOURCE
Original cataloging agency DLC/ICU
Transcribing agency ICU
Modifying agency DLC
-- BD-RjUL
Language of cataloging eng
041 ## - LANGUAGE CODE
Language code of text/sound track or separate title eng
082 00 - DEWEY DECIMAL CLASSIFICATION NUMBER
Classification number 523.4
Author mark and year ATM 1952
245 14 - TITLE STATEMENT
Title The atmospheres of the earth and planets. /
Statement of responsibility, etc. edited by Gerard P. Kuiper
250 ## - EDITION STATEMENT
Edition statement Rev. ed.
260 ## - PUBLICATION, DISTRIBUTION, ETC. (IMPRINT)
Place of publication, distribution, etc. Chicago :
Name of publisher, distributor, etc. University of Chicago Press ,
Date of publication, distribution, etc. c1952
300 ## - PHYSICAL DESCRIPTION
Pagination viii, 434 p. :
Illustrations illus. ;
Size 24 cm.
500 ## - GENERAL NOTE
General note Papers originally presented at the Symposium on Planetary Atmospheres, University of Chicago, on Sept. 8-10, 1947.
504 ## - BIBLIOGRAPHY, ETC. NOTE
Bibliography, etc Includes bibliographies and index.
650 #0 - SUBJECT ADDED ENTRY--TOPICAL TERM
Topical term or geographic name as entry element Planets
General subdivision Atmospheres.
9 (RLIN) 33004
Topical term or geographic name as entry element Atmosphere.
9 (RLIN) 32803
700 ## - ADDED ENTRY--PERSONAL NAME
Personal name Kuiper, Gerard P.
710 2# - ADDED ENTRY--CORPORATE NAME
Corporate name or jurisdiction name as entry element University of Chicago.
9 (RLIN) 33006
942 ## - ADDED ENTRY ELEMENTS (KOHA)
Source of classification or shelving scheme Dewey Decimal Classification
Koha item type Books
Holdings
Lost status Source of classification or shelving scheme Damaged status Not for loan Collection code Permanent Location Current Location Shelving location Date acquired Source of acquisition Cost, normal purchase price Total Checkouts Full call number Date last seen Copy number Koha item type
  Dewey Decimal Classification   Not For Loan Non-fiction Central Library, University of Rajshahi Central Library, University of Rajshahi Reading Room 02/07/1957 Publishers 52.00   523.4 ATM 1952 25/01/2014 C-1 Books